Migración internacional de retorno de Estados Unidos a México en un contexto de crisis económica y política/

সংরক্ষণ করুন:
গ্রন্থ-পঞ্জীর বিবরন
প্রধান লেখক: Montoya-Ortiz, Merari Stephanie (Autor)
অন্যান্য লেখক: Granados-Alcantar, José Aurelio (Autor), Jauregui-Díaz, José Alfredo (Autor)
বিন্যাস: গ্রন্থ
ভাষা:Spanish
ট্যাগগুলো: ট্যাগ যুক্ত করুন
কোনো ট্যাগ নেই, প্রথমজন হিসাবে ট্যাগ করুন!

MARC

LEADER 00000nam a22000007a 4500
003 cru IIS
005 20220510152824.0
008 220510s2018 mx |||p|r|||| 00| 0 spa d
040 |c cru IIS 
100 1 |9 6147  |a Montoya-Ortiz, Merari Stephanie  |e Autor 
245 1 |a Migración internacional de retorno de Estados Unidos a México en un contexto de crisis económica y política/  |c Merari Stephanie Montoya-Ortíz, José Aurelio Granados-Alcantar, José Alfredo Jaregui-Díaz 
300 |a páginas 181-205:  |b tablas, gráficos, mapa 
700 1 |9 10424  |a Granados-Alcantar, José Aurelio  |e Autor 
700 1 |9 10425  |a Jauregui-Díaz, José Alfredo  |e Autor 
773 0 |0 18818  |9 7059  |a Universidad Autónoma del Estado de México. Centro de Investigación y Estudios Avanados de la Población  |o 22553  |t Papeles de Población / 
942 |2 ddc  |c PP 
999 |c 44228  |d 44228